00000000nam##2200000za#4500
0019.700472
003CaOODSP
00520250506145324
007cr |||||||||||
008150407|1991||||xxc|||||o    f|0| 0 eng|d
040 |aCaOODSP|beng
043 |an-cn---
0861 |aA53-1868/1991E-PDF
1101 |aCanada.|bAgriculture Canada.
24510|aSoil landscapes of Canada : |h[electronic resource]|bprocedures manual and user's handbook / |c[by] J.A. Shields ... [et al.]
260 |aOttawa - Ontario : |bAgriculture Canada |c1991.
300 |a76p.|bfigs., references
500 |aHistorical publication digitized by Agriculture and Agri-Food Canada.
590 |a15-05-Supp|b2015-03-31
7201 |aShields, J. A.
77508|tPédo-paysages du Canada : |w(CaOODSP)9.644356
7760#|tSoil landscapes of Canada : |w(CaOODSP)9.644404
85640|ahttp://publications.gc.ca|qPDF|s3953 KB|uhttps://publications.gc.ca/collections/collection_2015/aac-aafc/A53-1868-1991-eng.pdf
986 |aLand Resource Research Institute. Contribution, 88-29; Publication 1868/E